000 00537 a2200133 4500
082 _aMS-IT-9
100 _aMuhammad Kashif
_927163
245 _aChannel assignment for intercluster links in multi-radio multichannel wireless mesh networks
_cMuhammad Kashif
260 _aIslamabad
_bNUST-SEECS
_c2012
300 _a51p.
_b;ill.
_c;27cm.+
_eCD ROM
500 _aSupervisors: Dr. Anjum Naveed, Dr. Adeel Baig, Dr. Zawar Hussain, Dr. Adnan Khalid
856 _uhttp://10.250.8.41:8080/xmlui/handle/123456789/9986
942 _cPR
_kMS-IT-9 KAS
_2ddc
999 _c11342
_d11342